Texaco už má pobočku aj v Košiciach

Bibliographic Details
Main Author: (kla) (Author)
Corporate Author: Texaco (USA) (Author)
Format: Article
Language:Slovak
ISSN:1335-4566
Subjects:

MARC

LEADER 00000nab a2200000 a 4500
001 vtls000905271
003 SK-MaSNL
005 20260303191802.0
008 040720e20001111xo 0 slo
035 |a KE14220 
040 |a KEVKJB  |b slo  |c KEVKJB  |e AACR2 
041 0 |a slo 
044 |a xo  |c SK 
080 |a 339.5  |2 1981 
100 0 |a (kla)  |4 aut  |9 877407 
245 1 0 |a Texaco už má pobočku aj v Košiciach 
610 2 7 |a Texaco (USA)  |2 KEVKJB  |9 1221577 
650 0 7 |a zahraničný obchod  |2 KEVKJB  |9 2200 
650 0 7 |a oleje  |2 KEVKJB  |9 23556 
650 0 7 |a mazadlá  |2 KEVKJB  |9 50967 
650 0 7 |a predaj  |2 KEVKJB  |9 13334 
650 0 7 |a pobočky  |2 KEVKJB  |9 881371 
650 0 7 |a otvorenie  |2 KEVKJB  |9 765696 
651 7 |a Košice (Slovensko)  |2 KEVKJB  |9 18694 
651 7 |a KE,  |2 KEVKJB  |9 877256 
655 7 |a periodikum  |2 snkbucl  |9 29553 
710 2 |a Texaco (USA)  |4 aut  |9 1221577 
773 0 8 |t Košický denník Korzár  |g Roč. 3, č.260, 11.11.2000, s. 2  |x 1335-4566 
852 |a ZVYKNI  |b KIS3GCP 
999 |c 2142829  |d 2144759